000 00334nam a22001217a 4500
008 160420b xxu||||| |||| 00| 0 eng d
020 _a9780323031974
020 _a0323031978
041 _aeng
080 _a618.2
245 _aMedical surgical nursing :
_cFrances Donovan Monahah; Marianne Neighbors; Carol J. Green;
942 _2udc
_cBK
999 _c1471
_d1471